[Event "Online Olym Div2 B 2020"]
[Site "chess.com INT"]
[Date "2020.08.15"]
[Round "5.3"]
[Board "5"]
[White "Blohberger, Felix"]
[Black "Lee, Qing Aun"]
[Result "0-1"]
[WhiteTitle "IM"]
[BlackTitle "FM"]
[WhiteElo "2467"]
[BlackElo "2262"]
[WhiteTeam "Austria"]
[BlackTeam "Singapore"]
[WhiteFideId "1632051"]
[BlackFideId "5804167"]
[EventDate "2020.08.14"]
[EventType "team"]

1. e4 e6 2. d4 d5 3. Nd2 Be7 4. Bd3 c5 5. dxc5 Nf6 6. Ngf3 dxe4 7. Nxe4 Nxe4 8.
Bxe4 Qxd1+ 9. Kxd1 Bxc5 10. Ke2 Nd7 11. Be3 Bxe3 12. Kxe3 Nc5 13. Rhd1 Nxe4 14.
Kxe4 Ke7 15. Rd3 Bd7 16. Rad1 Rhd8 17. Ne5 Be8 18. Rxd8 Rxd8 19. Rxd8 Kxd8 20.
g3 f6 21. Nd3 Ke7 22. f4 Kd6 23. c4 a5 24. Kd4 Bc6 25. c5+ Kd7 26. b3 Bd5 27.
Nb2 h5 28. Nc4 Bxc4 29. Kxc4 Kc6 30. a3 g6 31. b4 axb4 32. axb4 Kd7 33. b5 Kc7
34. Kd4 Kd7 35. Ke4 Kc7 36. h3 b6 37. c6 Kd6 38. g4 f5+ 39. gxf5 exf5+ 40. Kd4
h4 41. Kd3 Kc7 42. Kc4 Kd6 43. Kd4 Ke6 44. c7 Kd7 45. Kd5 Kxc7 46. Ke6 g5 47.
fxg5 f4 48. g6 f3 49. g7 f2 50. g8=Q f1=Q 51. Qh7+ Kb8 52. Qh8+ Kb7 53. Qg7+ Ka8
54. Qg8+ Kb7 55. Qf7+ Qxf7+ 56. Kxf7 Kb8 57. Ke6 Kc7 58. Ke7 Kc8 59. Kd6 Kb7 60.
Kd7 Kb8 0-1

[Event "Online Olym Div2 B 2020"]
[Site "chess.com INT"]
[Date "2020.08.15"]
[Round "5.3"]
[Board "6"]
[White "Mak, Xiu Ning Charlene"]
[Black "Mayrhuber, Nikola"]
[Result "0-1"]
[BlackTitle "WFM"]
[WhiteElo "1667"]
[BlackElo "1991"]
[WhiteTeam "Singapore"]
[BlackTeam "Austria"]
[WhiteFideId "5820332"]
[BlackFideId "1637819"]
[EventDate "2020.08.14"]
[EventType "team"]

1. e4 e6 2. d3 d5 3. Nd2 Nf6 4. Ngf3 c5 5. g3 Nc6 6. Bg2 g6 7. O-O Bg7 8. Re1
O-O 9. c3 a5 10. Qc2 b6 11. Nf1 Ba6 12. Bg5 Qc7 13. Ne3 d4 14. Nf1 Nd7 15. a3 h6
16. Bd2 Nde5 17. Nxe5 Nxe5 18. cxd4 Nxd3 19. Red1 Rad8 20. Be3 Bxd4 21. Rab1
Bxe3 22. Nxe3 Ne5 23. Qc3 Be2 24. Rd2 Bf3 25. Rc1 Rxd2 26. Qxd2 Rd8 27. Qc2 Bxg2
28. Kxg2 Qb7 29. Nc4 Nd3 30. Rd1 Qxe4+ 31. Kg1 Rd4 32. Nxb6 Nxf2 33. Qxe4 Nxe4
34. Rc1 Kg7 35. Nc4 a4 36. Rc2 Kf6 37. Kf1 Ke7 38. Ke2 Nd6 39. Nd2 c4 40. Ke3
Rd5 41. Nxc4 Rc5 42. Kd3 Nxc4 43. Rxc4 Rxc4 44. Kxc4 Kd6 45. Kb4 e5 46. Kxa4 e4
47. b4 e3 48. Kb5 e2 49. a4 e1=Q 50. a5 Qe2+ 51. Ka4 Qa2+ 52. Kb5 Qd5+ 53. Ka4
Kc6 54. h3 Qa2# 0-1

[Event "Online Olym Div2 B 2020"]
[Site "chess.com INT"]
[Date "2020.08.15"]
[Round "5.4"]
[Board "1"]
[White "Smirin, Ilia"]
[Black "Severino, Sander"]
[Result "1-0"]
[WhiteTitle "GM"]
[BlackTitle "FM"]
[WhiteElo "2612"]
[BlackElo "2364"]
[WhiteTeam "Israel"]
[BlackTeam "IPCA"]
[WhiteFideId "2801990"]
[BlackFideId "5204100"]
[EventDate "2020.08.14"]
[EventType "team"]

1. e4 e6 2. d4 d5 3. Nd2 c5 4. Ngf3 cxd4 5. Nxd4 Nc6 6. Bb5 Bd7 7. Nxc6 Bxc6 8.
Bxc6+ bxc6 9. c4 Nf6 10. Qa4 Qd7 11. e5 Ng8 12. O-O Ne7 13. Nf3 c5 14. Qc2 Nc6
15. Be3 d4 16. Bg5 h6 17. Bh4 Be7 18. Bxe7 Qxe7 19. Qe4 Rc8 20. Ne1 O-O 21. Nd3
a5 22. a3 a4 23. f4 Na5 24. Rac1 Qb7 25. Qe2 Qb3 26. Rf3 Nxc4 27. Nxc5 d3 28.
Rxd3 Qb5 29. Nd7 Rfe8 30. Rc2 Rc7 31. h3 Rec8 32. Kh2 Kh8 33. Rd4 Rxd7 34. Rxd7
Qxd7 35. Rxc4 Rb8 36. Qc2 Kg8 37. Rxa4 Qd5 38. Rc4 g5 39. Qc3 Kg7 40. fxg5 hxg5
41. Rg4 Rb3 42. Rxg5+ Kh6 43. Qc1 Rxb2 44. Qf4 1-0

[Event "Online Olym Div2 B 2020"]
[Site "chess.com INT"]
[Date "2020.08.15"]
[Round "5.4"]
[Board "2"]
[White "Obodchuk, Andrei"]
[Black "Caspi, Israel"]
[Result "1/2-1/2"]
[WhiteTitle "IM"]
[BlackTitle "IM"]
[WhiteElo "2299"]
[BlackElo "2489"]
[WhiteTeam "IPCA"]
[BlackTeam "Israel"]
[WhiteFideId "4114310"]
[BlackFideId "2807394"]
[EventDate "2020.08.14"]
[EventType "team"]

1. d4 Nf6 2. c4 e6 3. Nf3 d5 4. g3 Be7 5. Bg2 O-O 6. O-O dxc4 7. Qc2 b5 8. a4 b4
9. Nfd2 Nd5 10. Nxc4 c5 11. e4 Nb6 12. e5 Nd5 13. dxc5 Ba6 14. Rd1 Nd7 15. Ne3
Rc8 16. Nxd5 exd5 17. c6 Nxe5 18. Bxd5 Nxc6 19. Be3 Nd4 20. Qe4 Nc2 21. Bxf7+
Kxf7 22. Rxd8 Rfxd8 23. Nc3 Nxe3 24. fxe3 bxc3 25. bxc3 Bd3 26. Qb7 a6 27. Rd1
Rxc3 28. e4 Ke8 29. Kg2 Rc4 30. Kh3 Bxe4 31. Rxd8+ Kxd8 32. Qb8+ Kd7 33. Qa7+
Kd6 34. Qxa6+ Rc6 35. Qb5 Bd5 36. Qb4+ Ke6 37. Qd2 Bf6 38. a5 h6 39. a6 Rc8 40.
a7 Ra8 41. Qb4 Be5 42. Qc5 Bd6 43. Qb6 Kd7 44. Kg4 Rf8 45. Kh5 Bc6 46. Kg6 Be5
47. Qc5 Be4+ 48. Kh5 Bd6 49. Qd4 Bf3+ 50. Kg6 Rg8 51. Kh7 Re8 52. Kxg7 h5 53.
Kg6 Re6+ 54. Kf7 Re7+ 55. Kf6 Re6+ 56. Kf7 Re7+ 57. Kf6 Re8 58. Kg6 Rg8+ 59. Kf7
Ra8 60. h3 Kc7 61. g4 hxg4 62. hxg4 Bc6 63. g5 Rf8+ 64. Kg7 Rf4 65. Qc3 Ra4 66.
Qe3 Kb7 67. Kf6 Rf4+ 68. Kg7 Re4 69. Qf2 Be5+ 70. Kg6 Rf4 71. Qc5 Be4+ 72. Kh5
Bc7 73. a8=Q+ Kxa8 74. Qxc7 Bf3+ 75. Kg6 Be4+ 76. Kg7 Rf5 77. Qd8+ Ka7 78. Qd4+
Ka6 79. Qxe4 Rxg5+ 80. Kf6 Rc5 81. Ke6 Kb5 82. Kd6 Rc4 83. Qb1+ Rb4 84. Qd3+ Ka4
85. Kc5 Rb2 86. Qc3 Rb3 87. Qc2 Ka3 88. Kc4 Rb4+ 89. Kc3 Rb5 90. Qf2 Rb3+ 91.
Kc4 Rb4+ 92. Kc5 Rb3 93. Qd2 Rb2 94. Qc1 Kb3 95. Qc4+ Ka3 96. Qc3+ Ka2 97. Kc4
Kb1 98. Qa3 Kc2 99. Qd3+ Kc1 100. Qf1+ Kd2 101. Qf2+ Kc1 102. Qf5 Kd2 103. Qd5+
Ke1 104. Kc3 Re2 105. Qh1+ Kf2 106. Kd3 Re3+ 107. Kd4 Rg3 108. Qh4 Kf3 109. Kd3
Kf2+ 110. Kd2 Kf3 111. Kd3 Kf2+ 112. Ke4 Kg2 113. Kf4 Rg6 114. Qe1 Rf6+ 115. Kg5
Rf3 116. Kg4 Rf2 117. Qe3 Rf8 118. Qe4+ Kg1 119. Qd4+ Kg2 120. Qd5+ Kf1 121.
Qc4+ Kg2 122. Qc6+ Kf1 123. Qh1+ Kf2 124. Qh2+ Kf1 125. Qh3+ Kf2 126. Qg3+ Kf1
127. Qd3+ Kg2 128. Qd5+ Kf1 129. Qb5+ Kg2 1/2-1/2

[Event "Online Olym Div2 B 2020"]
[Site "chess.com INT"]
[Date "2020.08.15"]
[Round "5.4"]
[Board "3"]
[White "Klinova, Masha"]
[Black "Aleksandrova, Aleksandra"]
[Result "0-1"]
[WhiteTitle "IM"]
[BlackTitle "WFM"]
[WhiteElo "2275"]
[BlackElo "1791"]
[WhiteTeam "Israel"]
[BlackTeam "IPCA"]
[WhiteFideId "2802015"]
[BlackFideId "4144198"]
[EventDate "2020.08.14"]
[EventType "team"]

1. e4 d5 2. exd5 Qxd5 3. Nc3 Qa5 4. d4 e5 5. dxe5 Bb4 6. Bd2 Qxe5+ 7. Qe2 Qxe2+
8. Bxe2 c6 9. Nf3 Nf6 10. a3 Ba5 11. O-O Bf5 12. Nd4 Bg6 13. Rac1 Nbd7 14. Nb3
Bc7 15. h3 O-O-O 16. Be3 Nb6 17. Bf3 Rhe8 18. Bg5 Be5 19. Nd1 Nc4 20. Nc5 h6 21.
Bxf6 gxf6 22. Nd3 Nd2 23. Bg4+ f5 24. Re1 Rxd3 25. cxd3 fxg4 26. Nc3 gxh3 27.
gxh3 Nf3+ 28. Kg2 Nxe1+ 29. Rxe1 Kd7 30. Re3 Bxc3 0-1

[Event "Online Olym Div2 B 2020"]
[Site "chess.com INT"]
[Date "2020.08.15"]
[Round "5.4"]
[Board "4"]
[White "Jennitha, Anto K."]
[Black "Gutmakher, Olga"]
[Result "1-0"]
[WhiteTitle "WIM"]
[BlackTitle "WIM"]
[WhiteElo "2001"]
[BlackElo "2254"]
[WhiteTeam "IPCA"]
[BlackTeam "Israel"]
[WhiteFideId "5018218"]
[BlackFideId "2807602"]
[EventDate "2020.08.14"]
[EventType "team"]

1. e4 c5 2. Nf3 a6 3. d4 cxd4 4. Nxd4 e5 5. Nf3 Nc6 6. Nc3 Bb4 7. Bd2 Nf6 8. Bd3
O-O 9. O-O d6 10. Nd5 Nxd5 11. exd5 Bxd2 12. Qxd2 Ne7 13. c4 f5 14. Bc2 Ng6 15.
b4 b6 16. Rfe1 h6 17. Bb3 Ra7 18. Rac1 Re7 19. c5 Bb7 20. c6 Bc8 21. Qc3 Rc7 22.
Nxe5 Nxe5 23. Rxe5 dxe5 24. d6+ Rcf7 25. Qxe5 Re8 26. Qd4 Re4 27. Qd2 Be6 28. c7
Qc8 29. Bxe6 Rxe6 30. Rc6 Rd7 31. g3 Re8 32. Qd5+ Rf7 33. d7 Qxd7 34. Qxd7 Rxd7
35. c8=Q Rxc8 36. Rxc8+ Kf7 37. Rc6 f4 38. Rxb6 f3 39. h4 Rd1+ 40. Kh2 Rd2 41.
Rxa6 Rxf2+ 42. Kh3 Rb2 43. a3 g5 44. hxg5 hxg5 45. g4 Rb3 46. Kg3 Ke7 47. Kf2
Kf7 48. Ra5 Ke6 49. Rxg5 Rxa3 50. b5 Rb3 51. Rf5 Ra3 52. b6 Rb3 53. Rxf3 Rxb6
54. Kg3 Rb1 55. Kh4 Rg1 56. Kg5 Ke5 57. Re3+ Kd5 58. Re2 Kd6 59. Kf5 Kd5 60. g5
Rf1+ 61. Kg6 Kd6 62. Kg7 Kd7 63. g6 Rf3 64. Kg8 Rf1 65. g7 Rh1 66. Re4 Rf1 67.
Kh7 Rh1+ 68. Kg6 Rg1+ 69. Kf6 Kd6 70. Rd4+ Kc5 71. Rd8 Rf1+ 72. Ke5 Re1+ 73. Kf4
Rf1+ 74. Ke3 1-0

[Event "Online Olym Div2 B 2020"]
[Site "chess.com INT"]
[Date "2020.08.15"]
[Round "5.4"]
[Board "5"]
[White "Iliaguev, Nisim"]
[Black "Petrov, Maksim"]
[Result "1-0"]
[WhiteTitle "FM"]
[WhiteElo "2335"]
[BlackElo "1642"]
[WhiteTeam "Israel"]
[BlackTeam "IPCA"]
[WhiteFideId "2817276"]
[BlackFideId "24216836"]
[EventDate "2020.08.14"]
[EventType "team"]

1. d4 d5 2. Nf3 Nf6 3. g3 e6 4. Bg2 c5 5. O-O Nc6 6. c4 dxc4 7. Qa4 Bd7 8. Qxc4
b5 9. Qd3 Rc8 10. dxc5 Bxc5 11. Nc3 a6 12. Bg5 Be7 13. Rab1 h6 14. Bxf6 Bxf6 15.
Ne4 O-O 16. Nxf6+ gxf6 17. Rbd1 Rc7 18. Qe3 Kg7 19. Nd2 Ne5 20. Ne4 Nc4 21. Qd4
Qe7 22. b3 Ne5 23. f4 Ng6 24. h4 e5 25. Qd6 Qxd6 26. Rxd6 exf4 27. Nxf6 Be6 28.
Nh5+ Kh7 29. Nxf4 Nxf4 30. Rxf4 Rg8 31. Kf2 a5 32. Ra6 a4 33. bxa4 Bxa2 34. axb5
Bc4 35. Rc6 Rxc6 36. Bxc6 Rg7 37. Rxc4 1-0

[Event "Online Olym Div2 B 2020"]
[Site "chess.com INT"]
[Date "2020.08.15"]
[Round "5.4"]
[Board "6"]
[White "Dorozhkina, Mariya"]
[Black "Levitan, Ronit"]
[Result "1/2-1/2"]
[WhiteTitle "WFM"]
[BlackTitle "WCM"]
[WhiteElo "1705"]
[BlackElo "2005"]
[WhiteTeam "IPCA"]
[BlackTeam "Israel"]
[WhiteFideId "54132185"]
[BlackFideId "2815109"]
[EventDate "2020.08.14"]
[EventType "team"]

1. d4 d5 2. c4 e6 3. Nf3 Nf6 4. g3 dxc4 5. Bg2 a6 6. Ne5 Bb4+ 7. Nc3 Nd5 8. Bd2
b5 9. O-O Bxc3 10. bxc3 Bb7 11. e4 Nf6 12. Re1 Nbd7 13. Nxd7 Qxd7 14. Bg5 h6 15.
Bxf6 gxf6 16. d5 O-O-O 17. Qh5 f5 18. exf5 Bxd5 19. Rad1 c6 20. a4 Qb7 21. axb5
cxb5 22. Bxd5 Rxd5 23. Rxd5 Qxd5 24. Qxf7 Qxf5 25. Qa7 Rf8 26. Qxa6+ Kc7 27.
Qa7+ Kc6 28. Rd1 Rf7 29. Qa8+ Kc7 30. Qa7+ Kc6 31. Qa8+ Kc7 32. Qa7+ Kc6 1/2-1/2

[Event "Online Olym Div2 B 2020"]
[Site "chess.com INT"]
[Date "2020.08.15"]
[Round "5.5"]
[Board "1"]
[White "Kantans, Toms"]
[Black "Bologan, Victor"]
[Result "1-0"]
[WhiteTitle "GM"]
[BlackTitle "GM"]
[WhiteElo "2499"]
[BlackElo "2574"]
[WhiteTeam "Latvia"]
[BlackTeam "Moldova"]
[WhiteFideId "11602945"]
[BlackFideId "13900048"]
[EventDate "2020.08.14"]
[EventType "team"]

1. e4 d6 2. d4 Nf6 3. Nc3 e5 4. Nf3 Nbd7 5. Bc4 Be7 6. O-O O-O 7. Re1 c6 8. a4
exd4 9. Nxd4 Nc5 10. Ba2 a5 11. Bf4 Be6 12. Nxe6 fxe6 13. e5 Nd5 14. Nxd5 exd5
15. exd6 Bxd6 16. Bxd5+ Kh8 17. Bxd6 Qxd6 18. Bf3 Qf6 19. c3 Rad8 20. Qc2 Qf4
21. Re3 Qc4 22. h3 Nb3 23. Rae1 Nc5 24. Re7 Qh4 25. R1e5 Nd3 26. Re4 Qg5 27. Kh2
h6 28. Qe2 Nf4 29. Qe3 Rd3 30. Re8 Rxe3 31. Rxf8+ Kh7 32. fxe3 Nh5 33. Bxh5 Qxh5
34. Re7 Qd5 35. Rff7 Qd6+ 36. Kg1 Qd1+ 37. Kf2 Qd2+ 38. Kg3 Qd6+ 39. Kg4 Qg6+
40. Kf3 Qh5+ 41. Kg3 Qg6+ 42. Kf3 Qh5+ 43. Kf2 Qh4+ 44. Kg1 Qe1+ 45. Kh2 Qd2 46.
Rxg7+ Kh8 47. Rgf7 Qd6+ 48. Kg1 Kg8 49. Rxb7 Qd1+ 50. Kf2 Qd2+ 51. Kf3 Qd1+ 52.
Kg3 Qd6+ 53. Rf4 Qe5 54. Kf2 Qd5 55. Rd4 Qf5+ 56. Kg1 Qf6 57. Rg4+ Kh8 58. Rf4
Qd6 59. Rd4 Qf6 60. b4 axb4 61. cxb4 Qg5 62. Re4 Qh5 63. Rf4 Qd1+ 64. Kh2 Qd6
65. a5 1-0

[Event "Online Olym Div2 B 2020"]
[Site "chess.com INT"]
[Date "2020.08.15"]
[Round "5.5"]
[Board "2"]
[White "Iordachescu, Viorel"]
[Black "Reimanis, Ritvars"]
[Result "1-0"]
[WhiteTitle "GM"]
[BlackTitle "FM"]
[WhiteElo "2589"]
[BlackElo "2421"]
[WhiteTeam "Moldova"]
[BlackTeam "Latvia"]
[WhiteFideId "13900200"]
[BlackFideId "11602988"]
[EventDate "2020.08.14"]
[EventType "team"]

1. e4 e5 2. Nf3 Nc6 3. Bb5 Nf6 4. d3 Bc5 5. c3 d5 6. Nbd2 dxe4 7. dxe4 O-O 8.
O-O Qe7 9. Qe2 Nd8 10. Bd3 Ne8 11. b4 Bb6 12. a4 a6 13. Nc4 f6 14. Nxb6 cxb6 15.
Ba3 Ne6 16. Qe3 Qc7 17. Rfc1 Nd6 18. Nd2 Rd8 19. Bf1 Bd7 20. Bb2 Be8 21. c4 Nc8
22. Nb3 Ne7 23. c5 b5 24. Na5 Nd4 25. axb5 axb5 26. Rd1 Nec6 27. Nxc6 Rxa1 28.
Bxa1 Nxc6 29. Rc1 Nd4 30. Qa3 Bf7 31. Bxd4 Rxd4 32. Bxb5 g6 33. f3 Qd8 34. Bf1
Rd2 35. Qc3 Kg7 36. b5 Rd4 37. h3 Qc7 38. Kh1 h5 39. c6 bxc6 40. Qxc6 Qb8 41.
Qc5 Rd2 42. h4 Rb2 43. Kg1 g5 44. hxg5 fxg5 45. Rd1 Qf8 46. Qxe5+ 1-0

[Event "Online Olym Div2 B 2020"]
[Site "chess.com INT"]
[Date "2020.08.15"]
[Round "5.5"]
[Board "3"]
[White "Rogule, Laura"]
[Black "Gitu, Paula-Alexandra"]
[Result "0-1"]
[WhiteTitle "WGM"]
[BlackTitle "WFM"]
[WhiteElo "2297"]
[BlackElo "2113"]
[WhiteTeam "Latvia"]
[BlackTeam "Moldova"]
[WhiteFideId "11601876"]
[BlackFideId "13904620"]
[EventDate "2020.08.14"]
[EventType "team"]

1. c4 d6 2. Nc3 e5 3. g3 f5 4. Bg2 Nf6 5. e3 c6 6. Nge2 Be7 7. d3 Be6 8. f4 Nbd7
9. O-O O-O 10. h3 Qc7 11. b3 a6 12. e4 fxe4 13. dxe4 b5 14. cxb5 axb5 15. f5 Bf7
16. g4 Nc5 17. Be3 b4 18. Na4 Nxa4 19. bxa4 Qa5 20. Ng3 Qxa4 21. Qf3 d5 22. g5
dxe4 23. Qe2 Nd5 24. Nxe4 Nxe3 25. Qxe3 Bd5 26. f6 Bxe4 27. fxe7 Rxf1+ 28. Rxf1
Bxg2 29. Kxg2 Qxa2+ 30. Kg3 Qe6 31. Qc5 Ra3+ 32. Kf2 Qa2+ 33. Ke1 Qb1+ 34. Kf2
Qf5+ 35. Ke2 Ra2+ 36. Ke3 Qxg5+ 37. Ke4 Re2+ 38. Kd3 Qd2+ 39. Kc4 Qc3# 0-1

[Event "Online Olym Div2 B 2020"]
[Site "chess.com INT"]
[Date "2020.08.15"]
[Round "5.5"]
[Board "4"]
[White "Verbin, Valentina"]
[Black "Gorozhankina, Julia"]
[Result "1-0"]
[BlackTitle "WFM"]
[WhiteElo "1982"]
[BlackElo "2035"]
[WhiteTeam "Moldova"]
[BlackTeam "Latvia"]
[WhiteFideId "13905910"]
[BlackFideId "4199650"]
[EventDate "2020.08.14"]
[EventType "team"]

1. e4 c5 2. Nf3 Nc6 3. d4 cxd4 4. Nxd4 g6 5. c4 Bg7 6. Nc2 d6 7. Be2 Nh6 8. O-O
f5 9. Nc3 O-O 10. Bg5 Nf7 11. Be3 fxe4 12. Nd4 Nfe5 13. Nxe4 Nxd4 14. Bxd4 Bf5
15. Ng3 Be6 16. f4 Nc6 17. Bxg7 Kxg7 18. Kh1 Qb6 19. b3 Rae8 20. Bg4 Bc8 21.
Bxc8 Rxc8 22. Qg4 Qc5 23. f5 Qd4 24. Qg5 Rce8 25. Nh5+ Kh8 26. fxg6 hxg6 27.
Qh6+ Kg8 28. Qxg6+ Kh8 29. Qh6+ Kg8 30. Qg5+ Kh8 31. Nf4 Rxf4 32. Qh5+ Kg7 33.
Qg5+ Kh7 34. Qh5+ Kg7 35. Qxe8 Qf6 36. Rfe1 Qg5 37. Qd7 Rf2 38. Qh3 Rf4 39. Rf1
Rh4 40. Qc3+ Ne5 41. Rae1 Qh5 42. Qg3+ Rg4 43. Qh3 Rh4 44. Qg3+ Rg4 45. Qf2 Qe8
46. Qf5 Rg6 47. Rxe5 dxe5 48. Qxe5+ Kh7 49. Rf3 Qd7 50. Rh3+ Rh6 51. Qe4+ Kg7
52. Rg3+ Kf8 53. Rf3+ Rf6 54. Rxf6+ exf6 55. Qf3 Ke7 56. h4 b6 57. h5 Qd2 58.
Qb7+ Ke6 59. Qd5+ Qxd5 60. cxd5+ Kxd5 61. h6 Ke6 62. h7 1-0

[Event "Online Olym Div2 B 2020"]
[Site "chess.com INT"]
[Date "2020.08.15"]
[Round "5.5"]
[Board "5"]
[White "Batashevs, Arsens"]
[Black "Schitco, Ivan"]
[Result "0-1"]
[BlackTitle "IM"]
[WhiteElo "2149"]
[BlackElo "2467"]
[WhiteTeam "Latvia"]
[BlackTeam "Moldova"]
[WhiteFideId "11603593"]
[BlackFideId "13905465"]
[EventDate "2020.08.14"]
[EventType "team"]

1. Nf3 Nf6 2. c4 e6 3. e3 d5 4. b3 c5 5. Bb2 Nc6 6. cxd5 exd5 7. Bb5 Bd6 8. Nc3
O-O 9. d4 cxd4 10. Nxd4 Ne5 11. a3 Bc7 12. Be2 a6 13. Rc1 Re8 14. Qc2 Bd7 15.
Bf3 Rc8 16. O-O Bb8 17. Qd2 Nxf3+ 18. Nxf3 Bg4 19. Ne2 Rxc1 20. Rxc1 Ne4 21. Qd4
f6 22. Rd1 Be5 23. Nxe5 Bxe2 24. Nf3 Bxd1 25. Qxd1 Qd7 26. Nd4 Rc8 27. h4 Nd6
28. Qh5 Nb5 29. Nf5 Rc2 30. Qg4 Kh8 31. Bd4 Nxd4 32. exd4 g6 33. Nh6 Qxg4 34.
Nxg4 Kg7 35. Ne3 Rc3 36. Nxd5 Rxb3 37. a4 Rd3 38. Nf4 Rd1+ 39. Kh2 Kf7 40. d5
Rd4 41. g3 g5 42. hxg5 fxg5 43. Ne6 Rxd5 44. Nc7 Rc5 45. Na8 a5 46. Kh3 Rc6 47.
Kg4 Kg6 48. f4 h5+ 49. Kf3 Kf5 50. fxg5 Kxg5 51. Ke4 Kg4 0-1

[Event "Online Olym Div2 B 2020"]
[Site "chess.com INT"]
[Date "2020.08.15"]
[Round "5.5"]
[Board "6"]
[White "Mihailova, Alina"]
[Black "Limanovska, Elizabete"]
[Result "1/2-1/2"]
[BlackTitle "WFM"]
[WhiteElo "1741"]
[BlackElo "2179"]
[WhiteTeam "Moldova"]
[BlackTeam "Latvia"]
[WhiteFideId "13907018"]
[BlackFideId "11603542"]
[EventDate "2020.08.14"]
[EventType "team"]

1. d4 Nf6 2. c4 e6 3. g3 d5 4. Nf3 c6 5. Bg2 Be7 6. O-O O-O 7. Nc3 b6 8. Qd3 Bb7
9. e4 dxc4 10. Qc2 b5 11. a4 a6 12. Rd1 Nbd7 13. e5 Nd5 14. Ne4 Re8 15. b3 cxb3
16. Qxb3 N7b6 17. axb5 cxb5 18. Ne1 Qc8 19. Nd3 Nc4 20. Ndc5 Bc6 21. Bd2 a5 22.
Bf1 a4 23. Qb1 Ndb6 24. Bb4 Rb8 25. Bd3 h6 26. Ra2 Nd5 27. Rc1 Nxb4 28. Qxb4
Bxe4 29. Bxe4 Bxc5 30. Qxc5 Qxc5 31. dxc5 Nxe5 32. c6 Rbc8 33. Rc5 Nc4 34. Rxb5
Nd6 35. Rb4 Nxe4 36. Rxe4 Rxc6 37. Rexa4 Rec8 38. Ra8 Kf8 39. Rxc8+ Rxc8 40. Ra7
Rd8 41. h4 Ke8 42. Kg2 Rd7 43. Ra8+ Ke7 44. Ra2 Rd3 45. Re2 Kf6 46. f3 Ra3 47.
g4 Kg6 48. h5+ Kf6 49. Kg3 g6 50. hxg6 fxg6 51. Rh2 Kg7 52. Re2 Ra6 53. Rh2 e5
54. Re2 Re6 55. Re1 Kf6 56. Kh4 Re8 57. Kg3 g5 58. Rh1 Kg6 59. Re1 Re6 60. Re2
Kf6 61. Rh2 Kg7 62. Re2 1/2-1/2

[Event "Online Olym Div2 B 2020"]
[Site "chess.com INT"]
[Date "2020.08.15"]
[Round "6.1"]
[Board "1"]
[White "Mastrovasilis, Dimitrios"]
[Black "Bologan, Victor"]
[Result "1-0"]
[WhiteTitle "GM"]
[BlackTitle "GM"]
[WhiteElo "2604"]
[BlackElo "2574"]
[WhiteTeam "Greece"]
[BlackTeam "Moldova"]
[WhiteFideId "4202694"]
[BlackFideId "13900048"]
[EventDate "2020.08.14"]
[EventType "team"]

1. e4 c6 2. d4 d5 3. Nd2 dxe4 4. Nxe4 Nf6 5. Nxf6+ exf6 6. c3 Bd6 7. Bd3 O-O 8.
Qc2 h5 9. Ne2 Re8 10. O-O Qc7 11. h3 Nd7 12. Ng3 Bxg3 13. fxg3 Qxg3 14. Bf4 Qxh3 1-0

[Event "Online Olym Div2 B 2020"]
[Site "chess.com INT"]
[Date "2020.08.15"]
[Round "6.1"]
[Board "2"]
[White "Iordachescu, Viorel"]
[Black "Pavlidis, Antonios"]
[Result "0-1"]
[WhiteTitle "GM"]
[BlackTitle "GM"]
[WhiteElo "2589"]
[BlackElo "2543"]
[WhiteTeam "Moldova"]
[BlackTeam "Greece"]
[WhiteFideId "13900200"]
[BlackFideId "4212312"]
[EventDate "2020.08.14"]
[EventType "team"]

1. e4 e5 2. Nf3 Nc6 3. Bb5 a6 4. Ba4 d6 5. c3 f5 6. exf5 Bxf5 7. d4 e4 8. d5
exf3 9. Qxf3 Qe7+ 10. Kd1 Be4 11. Qh3 Bxd5 12. Re1 Be4 13. Nd2 d5 14. f3 Nf6 15.
fxe4 dxe4 16. Kc2 Qd7 17. Nxe4 O-O-O 18. Qxd7+ Rxd7 19. Nxf6 gxf6 20. Bb3 Re7
21. Be6+ Kb8 22. Bf4 Ne5 23. Bh3 Ng6 24. Bg3 Rxe1 25. Rxe1 Bh6 26. Re6 Rf8 27.
Bf5 Bf4 28. Bf2 Bxh2 29. g3 b6 30. b4 Ne5 31. Bxh7 Ng4 32. Be1 f5 33. a4 f4 34.
gxf4 Bxf4 35. a5 bxa5 36. bxa5 Ne3+ 37. Kb3 Ng2 38. Bf2 Bd6 39. Bd4 Nf4 40. Re1
c5 41. Bg1 Nh3 42. Be3 Re8 43. Kc2 Kc7 44. Bd3 Nf4 45. Bf1 Nd5 46. Kd3 Bg3 47.
Bf2 Nf4+ 48. Kd2 Rd8+ 49. Kc2 Bxf2 50. Re4 Nd5 51. Bxa6 Ne3+ 52. Kb3 Ra8 53.
Re7+ Kd6 54. Rh7 Ke5 55. Rh6 Nf5 56. Rc6 Ne7 57. Rh6 Be3 58. Rh5+ Kd6 59. Bc4
Rxa5 60. Rh4 Ra1 61. Re4 Re1 62. Re6+ Kd7 63. Ra6 Bf4 64. Bb5+ Kc7 65. Kc4 Re5
66. Rf6 Bg5 67. Rf1 Kb6 68. Bd7 Re4+ 69. Kd3 Re5 70. Rb1+ Kc7 71. Bb5 Nd5 72.
Rh1 Nf4+ 73. Kc4 Kb6 74. Bd7 Re4+ 75. Kb3 Nd5 76. Rh5 Re5 77. Bg4 Nf6 0-1

[Event "Online Olym Div2 B 2020"]
[Site "chess.com INT"]
[Date "2020.08.15"]
[Round "6.1"]
[Board "3"]
[White "Tsolakidou, Stavroula"]
[Black "Gitu, Paula-Alexandra"]
[Result "1-0"]
[WhiteTitle "IM"]
[BlackTitle "WFM"]
[WhiteElo "2391"]
[BlackElo "2113"]
[WhiteTeam "Greece"]
[BlackTeam "Moldova"]
[WhiteFideId "4264312"]
[BlackFideId "13904620"]
[EventDate "2020.08.14"]
[EventType "team"]

1. d4 d6 2. e4 Nf6 3. Nc3 e5 4. Nge2 Nc6 5. d5 Ne7 6. Bg5 Ng6 7. f3 h6 8. Be3
Be7 9. Qd2 Nh5 10. g3 Bg5 11. h4 Bxe3 12. Qxe3 a6 13. O-O-O Qe7 14. Bg2 Bd7 15.
f4 exf4 16. gxf4 b5 17. Bf3 Nf6 18. h5 Nf8 19. Qd4 Rg8 20. e5 N6h7 21. Rhe1 Kd8
22. exd6 cxd6 23. Ng3 Qf6 24. Qb6+ Kc8 25. Nge4 Qxf4+ 26. Kb1 1-0

[Event "Online Olym Div2 B 2020"]
[Site "chess.com INT"]
[Date "2020.08.15"]
[Round "6.1"]
[Board "4"]
[White "Verbin, Valentina"]
[Black "Markantonaki, Haritomeni"]
[Result "0-1"]
[BlackTitle "WFM"]
[WhiteElo "1982"]
[BlackElo "2185"]
[WhiteTeam "Moldova"]
[BlackTeam "Greece"]
[WhiteFideId "13905910"]
[BlackFideId "4207050"]
[EventDate "2020.08.14"]
[EventType "team"]

1. Nf3 Nf6 2. d4 e6 3. c4 Bb4+ 4. Bd2 Qe7 5. g3 Bxd2+ 6. Qxd2 Nc6 7. Bg2 d5 8.
O-O O-O 9. Nc3 dxc4 10. e4 Rd8 11. e5 Nd5 12. Qe2 Nb6 13. Rfd1 Bd7 14. h4 Be8
15. Qe4 h6 16. g4 Nb4 17. g5 h5 18. Qf4 Nd3 19. Qg3 Bc6 20. b3 Nb4 21. Ne2 g6
22. bxc4 Nxc4 23. Rac1 b5 24. Nc3 Rab8 25. Qf4 Nd5 26. Nxd5 Bxd5 27. Ra1 a5 28.
Bh3 a4 29. Ne1 Nb2 30. Rdb1 a3 31. Nc2 b4 32. Qe3 Rdc8 33. f4 c5 34. dxc5 Rxc5
35. Nd4 Rbc8 36. Qd2 Rc3 37. Kh2 Rd3 38. Qf2 Qa7 39. f5 Qxd4 0-1